000 00730nam a2200265Ia 4500
003 OSt
005 20221007105923.0
006 a|||||r|||| 00| 0
007 ta
008 221006b |||||||| |||| 00| 0 eng d
024 _a19,897
037 _cTextual
040 _aLCO
_cLCO
_beng
041 _2eng
_aeng
082 _aZ2,181, M4
100 _aBhandari M.C
245 0 _aGuide to Memorandum Articles and Incorporations of Companies
250 _a1st
260 _aAgra
_bWadhwa & Company India
_c1984
300 _a587
650 _aARTICLES AND INCORPORATIONS
_9706960
700 _a Makheja R.D
_9706961
942 _hZ2,181, M4
_cTEXL
999 _c1189460
_d1189460